Pieces of Maps (Europe) Quiz Stats

 Plays Quiz Updated Feb 20, 2018

Also try: Pieces of Art
Challenge
Share
Tweet
Score 0/15 Timer 04:00
2 Plays Today
% Correct
1✓
93.3%
15✓
90.4%
8✓
89.4%
4✓
88.6%
3✓
84%
2✓
83.8%
5✓
82.7%
9✓
80.7%
% Correct
14✓
79.5%
7✓
77%
13✓
76.9%
6✓
76.3%
12✓
74.8%
11✓
72.5%
10✓
67.2%

You're not logged in!

Compare scores with friends on all Sporcle quizzes.
OR
Log In

You Might Also Like...

Show Comments

Extras

Top Quizzes Today


Score Distribution

Your Account Isn't Verified!

In order to create a playlist on Sporcle, you need to verify the email address you used during registration. Go to your Sporcle Settings to finish the process.

Report this User

Report this user for behavior that violates our Community Guidelines.

Details: